| 000 | 02987nam a22003734a 4500 | ||
|---|---|---|---|
| 005 | 20100927111712.0 | ||
| 010 | _aB-409442-452 | ||
| 020 |
_a9781598697926 _c250.00 |
||
| 035 | _aB-409442-452 | ||
| 037 | _bViva Books | ||
| 082 | _a371.100922 | ||
| 245 |
_aMy teacher is my hero: _btributes to the people who gave us knowledge, motivation and wisdom / _cedited by Susan Reynolds |
||
| 260 |
_aAvon, Mass. : _bAdams Media ; _c2010 |
||
| 270 |
_a57, Littlefield Street, _bAvon |
||
| 300 |
_ax, 246 p. ; _c22 cm(pbk) |
||
| 500 | _aIncludes index | ||
| 650 |
_aReading _xParent participation. _921892 |
||
| 650 |
_aReading comprehension. _921893 |
||
| 650 |
_aCritical thinking in children. _921894 |
||
| 700 |
_aReynolds, Susan _921895 |
||
| 942 |
_2ddc _cEN _mMYT _h371.100922 |
||
| 999 |
_c35537 _d35537 |
||